书目信息 |
| 题名: |
上海国际金融中心结构设计
|
|
| 作者: | 张坚 , 刘桂然 编著 | |
| 分册: | ||
| 出版信息: | 上海 同济大学出版社 2021.03 |
|
| 页数: | 199页 | |
| 开本: | 26cm | |
| 丛书名: | ||
| 单 册: | ||
| 中图分类: | TU247.1 | |
| 科图分类: | ||
| 主题词: | 国际金融中心--guo ji jin rong zhong xin--金融建筑--结构设计--上海 | |
| 电子资源: | ||
| ISBN: | 978-7-5608-9711-0 | |
| 000 | 01090nam0 2200253 450 | |
| 001 | CAL 0120217184968 | |
| 005 | 20210603145811.4 | |
| 010 | @a978-7-5608-9711-0@dCNY78.00 | |
| 100 | @a20210602d2021 em y0chiy0120 ea | |
| 101 | 0 | @achi |
| 102 | @aCN@b310000 | |
| 105 | @aa a 000yy | |
| 106 | @ar | |
| 200 | 1 | @a上海国际金融中心结构设计@Ashang hai guo ji jin rong zhong xin jie gou she ji@f张坚, 刘桂然编著 |
| 210 | @a上海@c同济大学出版社@d2021.03 | |
| 215 | @a199页@c图@d26cm | |
| 320 | @a有书目 | |
| 330 | @a本书系统介绍了上海国际金融中心结构设计中的关键问题和解决方法, 主要内容包括工程概况、结构方案设计、荷载与作用、基础设计、基坑围护结构设计、塔楼抗震设计研究、廊桥抗震设计研究、连体抗震设计研究、强约束边缘构件钢板剪力墙研究、金融剧场大跨预应力结构研究、廊桥人致振动研究、廊桥抗连续倒塌研究及索网幕墙设计研究等。 | |
| 606 | 0 | @a国际金融中心@Aguo ji jin rong zhong xin@x金融建筑@x结构设计@y上海 |
| 690 | @aTU247.1@v5 | |
| 701 | 0 | @a张坚@Azhang jian@4编著 |
| 701 | 0 | @a刘桂然@Aliu gui ran@4编著 |
| 801 | 0 | @aCN@b人天书店@c20210602 |
| 905 | @aTSG@b0000046@dTU247.1@eZ125@f2 | |
| 上海国际金融中心结构设计/张坚, 刘桂然编著.-上海:同济大学出版社,2021.03 |
| 199页:图;26cm |
| ISBN 978-7-5608-9711-0:CNY78.00 |
| 本书系统介绍了上海国际金融中心结构设计中的关键问题和解决方法, 主要内容包括工程概况、结构方案设计、荷载与作用、基础设计、基坑围护结构设计、塔楼抗震设计研究、廊桥抗震设计研究、连体抗震设计研究、强约束边缘构件钢板剪力墙研究、金融剧场大跨预应力结构研究、廊桥人致振动研究、廊桥抗连续倒塌研究及索网幕墙设计研究等。 |
| ● |
| 相关链接 |
|
|
|
正题名:上海国际金融中心结构设计
索取号:TU247.1/Z125
 
预约/预借
| 序号 | 登录号 | 条形码 | 馆藏地/架位号 | 状态 | 备注 |
| 1 | 1530148 | 215301484 | 建筑库101/101建筑库 107排3列1层/ [索取号:TU247.1/Z125] | 在馆 | |
| 2 | 1530149 | 215301493 | 建筑库101/101建筑库 107排3列1层/ [索取号:TU247.1/Z125] | 在馆 |